000
00396nam a2200133Ia 4500
008
100328s9999 xx 000 0 und d
082
_b
22771
100
_a
पांढरीपांडे विजय मनोहर
245
_a
पत्रांजली
260
_b
मेनका
630
_a
पत्रांजली
730
_a
पत्रांजली
942
_c
BOOK
999
_c
516604
_d
516601